Search the Library Catalogue
| 000 -LEADER | |
|---|---|
| fixed length control field | 00695nam a2200169Ia 4500 |
| 008 - FIXED-LENGTH DATA ELEMENTS--GENERAL INFORMATION | |
| fixed length control field | 250721s9999 xx 000 0 und d |
| 020 ## - INTERNATIONAL STANDARD BOOK NUMBER | |
| ISBN | 9780521376365 |
| 082 ## - DEWEY DECIMAL CLASSIFICATION NUMBER | |
| Classification number | 942.034092 |
| Item number | MAD |
| 100 ## - MAIN ENTRY--AUTHOR NAME | |
| Personal name | Maddicott, J. R. |
| 245 #0 - TITLE STATEMENT | |
| Title | Simon de Montfort |
| 260 ## - PUBLICATION, DISTRIBUTION, ETC. (IMPRINT) | |
| Name of publisher | Cambridge University Press |
| Year of publication | 1996 |
| 300 ## - PHYSICAL DESCRIPTION | |
| Number of Pages | 436 pages |
| 500 ## - GENERAL NOTE | |
| General note | Partly a study of the politics of Henry III's reign (l2l6-72), this study looks at Simon de Montfort's lands, finances, following and religious ideals. It draws on unusual sources, making his biography as much a study of temperament and character as a political career. |
| 650 ## - SUBJECT ADDED ENTRY--TOPICAL TERM | |
| Topical Term | Biography & Autobiography |
| 942 ## - ADDED ENTRY ELEMENTS (KOHA) | |
| Koha item type | English Books |
| Withdrawn status | Lost status | Damaged status | Not for loan | Home library | Current library | Shelving location | Date acquired | Full call number | Accession Number | Price effective from | Koha item type |
|---|---|---|---|---|---|---|---|---|---|---|---|
| Anna Centenary Library | Anna Centenary Library | 7TH FLOOR, B WING | 21.07.2025 | 942.034092 MAD | 236235 | 21.07.2025 | English Books |